000 00883nam a2200217 a 4500
008 100722s2009 ||||||||||||||||| || u
020 _a9780321536150
050 _aQR 41.2 Bio
100 _aMadigan, Michael T
245 1 0 _aBrock biology of microorganisms. (12th ed.)
_cby Michael T. Madigan [and others]
250 _a12th ed.
260 _aBoston:
_bPearson Education, Inc
_c2009
300 _axxviii, 1061p. various pagings: ill.
350 _a0.00
650 0 _aBIOLOGY
650 _aMEDICAL MICROBIOLOGY
700 _aDunlop, Paul V
700 _aMartinko, John M
995 _aSHORT LOAN BOOKS
_D0.00
_e741450
_FCBU-MAIN LIBRARY (Kitwe)
_H1
_I0.00
_jQR 41.2 BIO
_M1
_UAVAILABLE
_WAug 18, 2010
_y741450
_ZShort Loan Collection
995 _aSHORT LOAN BOOKS
_D0.00
_e741528
_FCBU-MAIN LIBRARY (Kitwe)
_H1
_I0.00
_jQR 41.2 BIO
_M2
_UAVAILABLE
_WAug 20, 2010
_y741528
_ZShort Loan Collection
999 _c78872
_d78872